No Hint Sorting Gallery IV Quiz Stats

 Plays Quiz Updated Apr 1, 2016

Challenge
Share
Tweet
Embed
Score 0/78 Timer 12:00
0 Plays Today
% Correct
Circulatory
84.7%
Dancer
82.8%
Dasher
82.5%
Digestive
82.4%
Excretory
81.8%
Blitzen
81.7%
Abraham Lincoln
81.5%
Cupid
81.5%
John F. Kennedy
81.1%
Comet
81.1%
Argon
80.9%
Lymphatic
80.7%
Chlorine
80.6%
Respiratory
80.5%
Reproductive
80.5%
Endocrine
80.3%
Muscular
80.3%
Oxygen
80%
Prancer
79.8%
Helium
79.8%
Hydrogen
79.7%
Donner
79.7%
Fluorine
79.6%
Nervous
79.4%
Franklin Roosevelt
79.4%
Neon
79.3%
James Garfield
79.2%
William Henry Harrison
79.1%
Costa Rica
78.7%
William McKinley
78.7%
Rudolph
78.2%
El Salvador
77.9%
Belize
77.2%
Nitrogen
76.9%
Guatemala
76.8%
Honduras
76.8%
Vixen
76.7%
Skeletal
76.6%
Integumentary
76.5%
% Correct
Erie
75.8%
Radon
75.7%
Warren Harding
75.7%
Krypton
75%
Huron
74.7%
Ontario
74.6%
Michigan
74.5%
Nicaragua
73.9%
Renal
73.8%
Crackle
73.6%
Pop
73.6%
Superior
73.1%
Kenny McCormick
72.8%
Snap
72.6%
Eric Cartman
72.4%
Zachary Taylor
72.2%
Xenon
72.1%
Kyle Broflovski
71.6%
Panama
71.3%
Bonnie Parker
71.2%
Pride and Prejudice
71.1%
Clyde Barrow
69.6%
Georgetown
69.5%
Sense and Sensibility
69.5%
Mansfield Park
68.2%
Northanger Abbey
67.9%
DePaul
67.3%
Stan Marsh
67%
Marquette
66.7%
Villanova
66.1%
St. John's
65.9%
Creighton
65.2%
Seton Hall
65%
Butler
64.5%
Providence
62.7%
Emma
61.8%
Xavier
58.6%
Three Dog Night
53.8%
Persuasion
52.4%

You're not logged in!

Compare scores with friends on all Sporcle quizzes.
OR
Log In

You Might Also Like...

Show Comments

Extras

Top Quizzes Today


Score Distribution

Your Account Isn't Verified!

In order to create a playlist on Sporcle, you need to verify the email address you used during registration. Go to your Sporcle Settings to finish the process.

Report this User

Report this user for behavior that violates our Community Guidelines.

Details: